Study growth traits and yield of introduce chinese radish varaieties selling on phnom penh market សិក្សាពីលក្ខណៈលូតលាស់ និងទិ្នផលនៃពូជឆៃថាវនាំចូលលក់នៅទីផ្សារភ្នំពេញ (Record no. 970)

000 -LEADER
fixed length control field 00649nam a22001577a 4500
003 - CONTROL NUMBER IDENTIFIER
control field OSt
005 - DATE AND TIME OF LATEST TRANSACTION
control field 20150921135726.0
008 - FIXED-LENGTH DATA ELEMENTS--GENERAL INFORMATION
fixed length control field 150921b xxu||||| |||| 00| 0 eng d
040 ## - CATALOGING SOURCE
Transcribing agency RUA
082 ## - DEWEY DECIMAL CLASSIFICATION NUMBER
Classification number AGR YON 2006 B034 Or.1
100 ## - MAIN ENTRY--PERSONAL NAME
9 (RLIN) 1011
Personal name YON, BONA.
245 ## - TITLE STATEMENT
Title Study growth traits and yield of introduce chinese radish varaieties selling on phnom penh market សិក្សាពីលក្ខណៈលូតលាស់ និងទិ្នផលនៃពូជឆៃថាវនាំចូលលក់នៅទីផ្សារភ្នំពេញ
260 ## - PUBLICATION, DISTRIBUTION, ETC. (IMPRINT)
Place of publication, distribution, etc. Phnom Penh
Name of publisher, distributor, etc. RUA
Date of publication, distribution, etc. 2006
300 ## - PHYSICAL DESCRIPTION
Extent 57p.
Other physical details ill.
Dimensions 29cm.
942 ## - ADDED ENTRY ELEMENTS (KOHA)
Source of classification or shelving scheme
Koha item type AGR
Holdings
Price effective from Date last seen Permanent Location Not for loan Date acquired Source of classification or shelving scheme Koha item type Lost status Withdrawn status Total Renewals Date last checked out Total Checkouts Damaged status Barcode Current Location Full call number
2015-09-212018-12-28Library Block B 2015-09-21 AGR   2018-12-123 RUA002322Library Block BAGR YON 2006 B034 Or.1
2015-09-212023-03-06Library Block B 2015-09-21 AGR  12023-02-204 RUA002394Library Block BAGR YON 2006 B034 Or.2
2015-11-062024-08-13Library Block B 2015-11-06 AGR  22024-07-0220 RUA035193Library Block BAGR YON 2006 B034 Or.3
2016-06-132024-06-25Library Block B 2016-06-13 AGR  12024-05-174 RUA002924Library Block BAGR YON 2006 B034 Or.4
មជ្ឈមណ្ឌលឯការនៃសាកលវិទ្យាល័យភូមិន្ទកសិកម្មចំការដូង

Powered by Koha